| 000 | 02012cam a22003731 4500 | ||
|---|---|---|---|
| 001 | gs 42000105 | ||
| 003 | DLC | ||
| 005 | 20260227111347.0 | ||
| 008 | 780223s1941 ksuab b 000 0 eng c | ||
| 010 | _ags 42000105 | ||
| 035 | _a(OCoLC)3664428 | ||
| 040 |
_aU. S. Geol. Survey. Library _cTxEU _dOCoLC _dWaChenE _dOCoLC _dDLC |
||
| 042 | _apremarc | ||
| 043 | _an-us-ks | ||
| 050 | 0 | 0 |
_aQE113 _b.A2 no. 37 |
| 082 |
_a(557.81) _a551.49 |
||
| 100 | 1 |
_aLatta, Bruce Ferrell, _d1916- |
|
| 245 | 1 | 0 |
_aGeology and ground-water resources of Stanton County, Kansas / _cby Bruce F. Latta ; analyses by Robert H. Hess ... |
| 260 |
_aTopeka : _bPrinted by Kansas State Printing Plant, _c1941. |
||
| 300 |
_a119 p. : _bincl. illus., tables, diagrs., 2 fold. maps, fold. profiles ; _c23 cm. |
||
| 490 | 1 |
_aKansas. State Geological Survey. Bulletin _v37 |
|
| 500 | _aAt head of title: State Geological Survey of Kansas, Raymond C. Moore ... State Geologist and Director, John C. Frye ... Assistant State Geologist and Assistant Director. Division of Ground Water, Stanley W. Lohman, Geologist in Charge ... | ||
| 500 | _a"University of Kansas Publications, November, 1941." | ||
| 500 | _a"Prepared by the United States Geological survey, and the State geological survey of Kansas, with the cooperation of the Division of sanitation of the Kansas State board of health, and the Division of water resources, Kansas Stte board of agriculture." | ||
| 501 |
_aWith : Geological studies in southwestern Kansas / by H.T.U. Smith, 1940. Bound together subsequent to publication. _5DLC |
||
| 504 | _aBibliography: p. 87-89. | ||
| 650 | 0 |
_aGroundwater _zKansas _zStanton County. |
|
| 650 | 0 |
_aGeology _zKansas _zStanton County. |
|
| 700 | 1 |
_aHess, Robert Harlan, _d1910- |
|
| 710 | 2 | _aGeological Survey (U.S.) | |
| 710 | 2 |
_aKansas State Board of Health. _bDivision of Sanitation. |
|
| 710 | 1 |
_aKansas. _bState Board of Agriculture. _bDivision of Water Resources. |
|
| 830 | 0 |
_aBulletin (Kansas Geological Survey) ; _v37. |
|
| 999 |
_c27778 _d27778 |
||